A new market force to be reckoned with (Record no. 72230)
[ view plain ]
| 000 -LEADER | |
|---|---|
| fixed length control field | 01470cam a2200241 4500 |
| 001 - CONTROL NUMBER | |
| control field | ABS66439 |
| 008 - FIXED-LENGTH DATA ELEMENTS--GENERAL INFORMATION | |
| fixed length control field | 030305n2003 000 0 eng u |
| 035 ## - SYSTEM CONTROL NUMBER | |
| System control number | (Sirsi) u121527 |
| 100 ## - MAIN ENTRY--PERSONAL NAME | |
| Personal name | Cowans, J. |
| 245 #2 - TITLE STATEMENT | |
| Title | A new market force to be reckoned with |
| 260 ## - PUBLICATION, DISTRIBUTION, ETC. | |
| Date of publication, distribution, etc. | 2003 |
| 490 ## - SERIES STATEMENT | |
| Series statement | Axis |
| Volume/sequential designation | 57(5) January/February 2003, 14-15(2) |
| 520 ## - SUMMARY, ETC. | |
| Summary, etc. | Looks at the growing demand and need for intermediate housing, a market particularly suited to younger, working, lower income people in need of affordable, good-quality one-and-two bedroomed flats, often in the city centre. This group is not usually eligible for social housing and has not been well served by the private rented sector. Focuses on the City Centre Apartments for Single People at Affordable Rents (CASPAR) concept with demonstrator schemes in Birmingham and Leeds which have been a hit with clients and have had a positive effect on the locations. Private sector investors are now being attracted by the 6-8% revenue yields associated with these schemes and the involvement of housing associations in such market renting can only be a matter of time. |
| 590 ## - LOCAL NOTE (RLIN) | |
| Local note | ABS |
| 650 ## - SUBJECT ADDED ENTRY--TOPICAL TERM | |
| Topical term or geographic name entry element | INTERMEDIATE HOUSING |
| 650 ## - SUBJECT ADDED ENTRY--TOPICAL TERM | |
| Topical term or geographic name entry element | SOCIAL HOUSING |
| 650 ## - SUBJECT ADDED ENTRY--TOPICAL TERM | |
| Topical term or geographic name entry element | MARKET RENTING |
| 650 ## - SUBJECT ADDED ENTRY--TOPICAL TERM | |
| Topical term or geographic name entry element | HOUSING ASSOCIATIONS |
| 650 ## - SUBJECT ADDED ENTRY--TOPICAL TERM | |
| Topical term or geographic name entry element | CITY CENTRE APARTMENTS FOR SINGLE PEOPLE AT AFFORDABLE RENTS |
| 650 ## - SUBJECT ADDED ENTRY--TOPICAL TERM | |
| Topical term or geographic name entry element | PRIVATE RENTED SECTOR |
| 690 ## - LOCAL SUBJECT ADDED ENTRY--TOPICAL TERM (OCLC, RLIN) | |
| Topical term or geographic name as entry element | PROPERTY-RESIDENTIAL PROPERTY-RESIDENTIAL PROPERTY MARKET |
| 942 ## - ADDED ENTRY ELEMENTS (KOHA) | |
| Suppress in OPAC | 0 |
| Withdrawn status | Lost status | Source of classification or shelving scheme | Damaged status | Not for loan | Home library | Current library | Shelving location | Date acquired | Total Checkouts | Full call number | Barcode | Date last seen | Copy number | Price effective from | Koha item type |
|---|---|---|---|---|---|---|---|---|---|---|---|---|---|---|---|
| Dewey Decimal Classification | London | London | Journal article | 05/03/2003 | ABS66439 | 121527-1001 | 06/08/2019 | 1 | 06/08/2019 | Journal article |